| 000 | 00710nam a2200217Ii 4500 | ||
|---|---|---|---|
| 003 | JO-AjNU | ||
| 008 | 230606s9999||||xx |||||||||||||| ||und|| | ||
| 020 | _a0-13-179946-0 | ||
| 040 |
_aJO-AjNU _beng _erda _cJO-AjNU |
||
| 041 | _aeng | ||
| 050 | 1 | 4 | _aHF5686.C8.H65 1991 |
| 100 | 3 |
_aHorngren,Charles T / Foster, GeorgeŘ› annotations: Bamber,Linda S, _eauthor _93066 |
|
| 245 | 0 | 0 | _aCost Accounting : A Managerial Emphasis |
| 250 | _a7th ed | ||
| 264 | 3 | 1 | _aLondon: Prentice- Hall International,1991 |
| 300 |
_a964p _bIncludes appendix indexes(p928-964) |
||
| 336 |
_atext _btxt _2rdacontent |
||
| 337 |
_aunmediated _bn _2rdamedia |
||
| 338 |
_avolume _bnc _2rdacarrier |
||
| 650 | 4 |
_aCost Accounting _93067 |
|
| 999 |
_aE1608 _c1608 _d1608 |
||